Baby Koala and Mommy / (Record no. 3902)

MARC details
000 -LEADER
fixed length control field 00887cam a2200277 a 4500
005 - DATE AND TIME OF LATEST TRANSACTION
control field 20250519080820.0
020 ## - INTERNATIONAL STANDARD BOOK NUMBER
International Standard Book Number 9781592497447 (case bound bk.)
040 ## - CATALOGING SOURCE
Original cataloging agency DLC
Transcribing agency DLC
Modifying agency DLC
Language of cataloging eng
050 00 - LIBRARY OF CONGRESS CALL NUMBER
Classification number PZ7.G14228
Item number 2007
082 00 - DEWEY DECIMAL CLASSIFICATION NUMBER
Classification number fic
100 1# - MAIN ENTRY--PERSONAL NAME
Personal name Galvin, Laura Gates
Dates associated with a name 1963-
245 10 - TITLE STATEMENT
Title Baby Koala and Mommy /
Statement of responsibility, etc. by Laura Gates Galvin
260 ## - PUBLICATION, DISTRIBUTION, ETC.
Place of publication, distribution, etc. Norwalk :
Name of publisher, distributor, etc. Soundprints ;
Date of publication, distribution, etc. 2007
300 ## - PHYSICAL DESCRIPTION
Extent 16​​ unnumbered pages :
Other physical details color illustrations ;
Dimensions 19 cm.
490 ## - SERIES STATEMENT
Series statement Smithsonian Baby Animals
505 ## - FORMATTED CONTENTS NOTE
Formatted contents note G <br/>
520 ## - SUMMARY, ETC.
Summary, etc. Baby Koala and his Mommy spend the day playing, eating, and exploring.
521 ## - TARGET AUDIENCE NOTE
Target audience note 380 <br/>
Source Lexile estimate <br/>
521 ## - TARGET AUDIENCE NOTE
Target audience note G <br/>
Source Raz-Plus <br/>
650 #1 - SUBJECT ADDED ENTRY--TOPICAL TERM
Topical term or geographic name entry element Koalas
Form subdivision Fiction.
650 #1 - SUBJECT ADDED ENTRY--TOPICAL TERM
Topical term or geographic name entry element Marsupials
Form subdivision Fiction.
650 #1 - SUBJECT ADDED ENTRY--TOPICAL TERM
Topical term or geographic name entry element Animals
General subdivision Infancy
Form subdivision Fiction.
906 ## - LOCAL DATA ELEMENT F, LDF (RLIN)
a 7
b cbc
c orignew
d 1
e ecip
f 20
g y-gencatlg
942 ## - ADDED ENTRY ELEMENTS (KOHA)
Source of classification or shelving scheme Dewey Decimal Classification
Koha item type Books
Suppress in OPAC No
999 ## -
-- 3902
-- 3902
Holdings
Withdrawn status Lost status Source of classification or shelving scheme Damaged status Not for loan Collection Home library Current library Shelving location Date acquired Total Checkouts Full call number Barcode Date last seen Date last checked out Price effective from Koha item type
    Dewey Decimal Classification     Juvenile Fiction Footprints International School Library Network Toul Tom Poung Campus Footprints International School Library Network Toul Kork Campus TTP Primary Dark Blue Bookshelves 05/22/2024 3 GAL PZ7.G14228 FISTK02688 06/04/2025 05/23/2025 05/22/2024 Books